Información básica de la Región del Pacífico Sur: Pérez Zeledón, Buenos Aires y Coto Brus
Información socio-económica de la región agrícola del Pacífico Sur de Costa Rica, formada por los cantones de Pérez Zeledón, Buenos Aires y Coto Brus. Describe sus características biofísicas, socioeconómicas (población, uso y tenencia de la tierra, créditos por cultivos, y comunicaciones), servicios...
Zapisane w:
| Korporacja: | |
|---|---|
| Format: | Texto |
| Wydane: |
San José :
|
| Hasła przedmiotowe: | |
| Etykiety: |
Dodaj etykietę
Nie ma etykietki, Dołącz pierwszą etykiete!
|
MARC
| LEADER | 00000 a a2200000 04500 | ||
|---|---|---|---|
| 001 | 19825 | ||
| 003 | |||
| 040 | |||
| 090 | |a 080100 | ||
| 110 | |a Costa Rica. Presidencia de la República. Oficina de Planificación Nacional. División de Programas y Proyectos | ||
| 245 | |a Información básica de la Región del Pacífico Sur: Pérez Zeledón, Buenos Aires y Coto Brus | ||
| 260 | |a San José : | ||
| 300 | |a 31 p. | ||
| 500 | |a Documento para ser usado en la elaboración del Proyecto de Caminos Vecinales del Programa de Desarrollo Rural | ||
| 520 | |a Información socio-económica de la región agrícola del Pacífico Sur de Costa Rica, formada por los cantones de Pérez Zeledón, Buenos Aires y Coto Brus. Describe sus características biofísicas, socioeconómicas (población, uso y tenencia de la tierra, créditos por cultivos, y comunicaciones), servicios básicos (vivienda, electricidad, agua), y servicios públicos (oficinas del gobierno central, instituciones educativas y organizaciones comunales)./ACM | ||
| 650 | |a COSTA RICA | ||
| 650 | |a ANALISIS REGIONAL | ||
| 650 | |a INDICADORES ECONOMICOS | ||
| 999 | |c 2359 |d 2359 | ||
